000 00712nam a22001697a 4500
999 _c80715
_d80715
008 201130b ||||| |||| 00| 0 eng d
040 _bger
_cSTAFF
_erda
_aSTAFF
041 _ager
245 _aMarina City - Pläne für neues Großprojekt am Winterhafen.
_bAuf ehemaligen Gewerbeflächen sollen Mietwohnungen entstehen / Verkauf der Eigentumswohnungen im Haus III der ETW-Anlage "An der Marina" gestartet.
653 _aFrankfurt (Oder)
653 _aWohnungsbau
773 _dFrankfurt (Oder): Märkisches Verlags- und Druckhaus GmbH & Co KG
_g32. Jahrgang (2021) Nr. 37 vom 13./14.02.2021, S. 18
_tMärkische Oderzeitung
942 _cA